Großes Städteraten - Slawische Welt - Statistiken

Allgemein
  • Dieses Quiz wurde 126 mal gespielt
  • Das Durchschnittsergebnis liegt bei 13 aus 20
Antwortstatistiken
Hinweis Stadt Land % Korrekt
Größte Stadt Europas Moskau Russland
99%
Die goldene Stadt Prag Tschechien
99%
Von Peter I gegründet Sankt Petersburg Russland
99%
Polnische Hauptstadt Warschau Polen
99%
Jerusalem des Ostens Kiew Ukraine
94%
Hauptstadt der Slowakei Bratislava Slowakei
88%
Symbol: Alexander Newski Kathedrale Sofia Bulgarien
88%
Jugoslawische Hauptstadt Belgrad Serbien
87%
Alte Königshauptstadt Krakau Polen
85%
Die Stadt war 1920 unabhängig Danzig Polen
82%
Größte Hafenstadt des Landes Odessa Ukraine
82%
Niederschlesische Metropole Breslau Polen
66%
Filmkulisse für "Game of Thrones" Dubrovnik Kroatien
54%
Bekanntester Kurort des Landes Sotschi Russland
47%
Dritte Hauptstadt Russlands Kasan Russland
44%
Zentrum der Westukraine Lwiw Ukraine
44%
Hauptstadt des Föderationskreises Wolga Nischni Nowgorod Russland
44%
Größte Stadt Südrusslands Rostow am Don Russland
42%
Stadt mit Palastkomplex in der Region Leningrad Gattschina Russland
1%
Russisches Vatikan Sergijew Possad Russland
1%
Keine übereinstimmenden Quizze gefunden
Verteilung der Resultate
Anzahl Personen mit jedem Resultat
Perzentil nach korrekt beantworteten Fragen
Ihre Resultats-Entwicklung
Sie haben dieses Quiz noch nicht gespielt